Quizzes
Events
Quiz Creation
Community
Videos
Private Events
Remove Ads
Sign In
Join for FREE
Feedback
Dark Mode
Quiz Categories
Sports
Geography
Music
Movies
Television
Just For Fun
Miscellaneous
History
Literature
Language
Science
Gaming
Entertainment
Religion
Holiday
For Kids
Quiz Lab
Recent
Popular Today
Quiz Kudos Today
Editor Picks
Curator Picks
Quizzes by...
Day
Popularity
Type
Ratings
Length
Year
Community
Subscriptions
Recent Discussions
Orange Saloon
Badges
Playlists
Quests
Create
Leaderboards
Showdown
Live 5
Trivia Bingo
Activity
Puzzle Library
Sporcle Events
Private Events
Virtual Trivia
Globe League
Become a Host
Pub Owners
SporcleCon
Opinionation
Our Games
Videos
Blog
Mobile Apps
Partnerships
Remove Ads and Go Orange
Feedback
Religion
Mythology
Religious Music
World Religions
Bible
Christianity
Catholicism
Judaism
Church
Scripture
Islam
Verse
Religion
Mythology
Religious Music
World Religions
Bible
Christianity
Catholicism
Judaism
Church
Scripture
Islam
Verse
Random Quiz
Search Sporcle
×
Curator Pick
Curator Pick
Religion
Bible
Click on answers out of a set of options
Click on answers out of a set of options
Multiple Choice
Best Score? Go Orange.
Choose Your Chunks: Religion Stats
Can you choose the correct image of the word that can be formed by combining the missing two letter chunks from each Bible Book provided?
By
SporcleEXP
5m
12 Questions
2,585 Plays
2,585 Plays
2,585 Plays
Comments
Comments
Give Quiz Kudos
Give Quiz Kudos
-
- Ratings
hide this ad
Random Order
Randomize order of answers
Randomize order of answers
Replay
Link that replays current quiz
Next Quiz
Link to next quiz in quiz playlist
You Got
0%
They Got
Avg Score
75%
Avg Friend Score
Upgrade to see
Score Distribution
Jump to the score distribution portion of the page
Score
0/12
Timer
05:00
0
Plays Today
Question
Answer
Wrong Answers
1 C_ _inthians
D_ _iel
Jud_ _s
Orange
93.8%
Purple
1.7%
Yellow
2.7%
Indigo
1.6%
Song of _ _ngs
E_ _lesiastes
1 Pet_ _
Soccer
83.3%
Hockey
4.1%
Rowing
3.5%
Tennis
2.6%
Ha_ _kkuk
_ _hum
Jo_ _h
Banana
79%
Tomato
1.8%
Durian
11.1%
Papaya
5.1%
Levi_ _cus
Ha_ _ai
J_ _emiah
Tigger
79%
Tin Man
3.9%
Tinsel
2.4%
Tissue
2.6%
Lam_ _tations
Oba_ _ah
Pro_ _rbs
Endive
78%
Carrot
2.3%
Potato
2.6%
Celery
15.9%
_ _b
Ho_ _a
Ze_ _aniah
Joseph
76.5%
Thomas
8.8%
Daniel
4.8%
Steven
5.1%
Phillip_ _ans
Ez_ _
2 Pe_ _r
Pirate
76.2%
Pinata
5.3%
Pickle
3.7%
Pillow
3.5%
Mi_ _h
Gene_ _s
Deutero_ _my
Casino
75.5%
Camera
5.3%
Carpet
2.2%
Castle
8.1%
P_ _lms
Ma_ _chi
Nehe_ _ah
Salami
75.2%
Savage
2.2%
Sailor
5.3%
Sandal
5.5%
Ro_ _ns
2 Cori_ _hians
Phi_ _mon
Mantle
63.7%
Magnet
5.9%
Mascot
7.1%
Marino
13.3%
He_ _ews
2 Thessal_ _ians
_ _chariah
Bronze
63.3%
Brazil
14.6%
Bridge
3.8%
Bruise
5.5%
Num_ _rs
1 Thessaloni_ _s
Ezek_ _l
Beanie
56.7%
Beaver
19.9%
Beetle
14.2%
Beacon
2%
Quiz Playlist
Details
Report
Send in Message
Add To Playlist
Multiple Choice:
Click on answers out of a set of options
Random Order:
Randomize order of answers
Last Updated: Dec 6, 2019
Curator Pick in
Bible
Quiz Scoreboard
CHALLENGE
Sign Up to Join the Scoreboard
Show All
Scores
Hide
Comments
May contain spoilers
Recently Published
1-10 Letter E Words III
by El_Dandy
Language
2m
One Thing in Common: World Cities II
by knightlancer
Geography
7m
Popular People in 1961
by mucciniale
History
6m
More to Explore
Quiz From the Vault
Featured Blog Post
Where Did the Easter Bunny Come From?
hide this ad
You Might Also Like...
Tags
Bible Quiz
Today's Top Quizzes in Religion
Browse Religion
hide this ad
Today's Top Quizzes in Bible
Browse Bible
Top Contributed Quizzes in Religion
1
10 to 1: Islam
2
10 to 1: Protestantism
3
10 to 1: Norse Religion
4
10 to 1: Judaism
5
Names of Surahs in the Quran
6
10 to 1: Hinduism
7
One Thing in Common: Mythology
8
One Thing in Common: Mythology II
9
Order Up: Seven Last Words of Christ
10
Language by 'Haggadah' Cover
Explore More
Trending Topics
Crossword
Anime
NBA
Harry Potter
Marvel
Kpop
Disney
Country
NFL
The Office
Soccer
Pokémon
WWE
Song
Puzzle
hide this ad
More By:
SporcleEXP
Quiz
Plays
Rating
Category
Featured
Created
Harry Potter Deaths in Order Minefield
3,067,941
4.18
Literature
Jan 27, 2016
Sins, Dwarfs, and Spice Girls
847,245
4.42
Just For Fun
Apr 11, 2012
Ancient History Bunker
708,007
4.28
History
Jan 20, 2014
Movie Posters VI
678,966
4.37
Movies
Nov 12, 2010
Movie Posters VII
621,789
4.44
Movies
Apr 16, 2011
Go to Creator's Profile
Score Distribution
Quiz Creator Spotlight
SporcleEXP
Follow
Send a Message
Quizzes Created
-
Created Quiz Play Count
-
More By This Creator
Popular Quizzes Today
1
Find the US States - No Outlines Minefield
2
Find the Countries of Europe - No Outlines Minefield
3
The Countries of the World
4
Popular People in 1961
5
1-10 Letter E Words III
6
Find the US States
7
One Thing in Common: World Cities II
8
US States
More Religion Quizzes
Catholic Objects and Symbols
Published
Trending Quizzes
Risky Map Clicking: Least Populous States A-Z
1-10 Letter F Words
1-10 Letter G Words
One Thing in Common: United Kingdom
Risky Map Clicking: Next State Alphabetically
Recently Updated
Leaping Animals
pecheneg
Reality TV Shows (A-Z)
bhenderson79
Rickey Henderson's Hall of Fame Teammates
pecheneg
Champions League XIs: Arsenal
pecheneg
Quick Pick: Celebrities in WWE's Hall of Fame
aduchscher
A-Z Keypad Blitz II
pecheneg
Multiple Oscar Actors
pecheneg
Mystery Phrase Blitz: Oscar 'Best Actors'
pecheneg
F. Scott Fitzgerald Novels
LTH
Pick 3 Villains
ddd62291
Trending Topics
Harry Potter
Anime
Kpop
NBA
Disney
Marvel
Crossword
Song
WWE
Puzzle
Country
Pokémon
The Office
NFL
Soccer
Your Account Isn't Verified!
In order to create a playlist on Sporcle, you need to verify the email address you used during registration. Go to your
Sporcle Settings
to finish the process.
Report this User
Report this user for behavior that violates our
Community Guidelines
.
Details:
Send Report
Go to the Sporcle.com Mobile Site →
Comments